| 000 | 00577nam a2200205Ia 4500 | ||
|---|---|---|---|
| 005 | 20260429112134.0 | ||
| 008 | 260429s9999||||xx |||||||||||||| ||und|| | ||
| 020 | _a9788193998892 | ||
| 041 | _aEnglish | ||
| 082 |
_a338.4791 _bSIN |
||
| 100 | _aSingh, Vikram | ||
| 245 | 0 |
_aTourism in Jammu and Kashmir : _ba critical analysis of impact of terrorism / _cVikram Singh |
|
| 250 | _a1st ed. | ||
| 260 |
_aNew Delhi : _bKanishka Publishers, Distributors, _c2024. |
||
| 300 | _ax, 281 p.; hb | ||
| 650 | _a Jammu | ||
| 650 | _a Kashmir | ||
| 650 | _aTourism | ||
| 942 | _cTB | ||
| 999 |
_c52544 _d52544 |
||